| 000 | 01420cam a2200349 i 4500 | ||
|---|---|---|---|
| 001 | 768714001 | ||
| 003 | CO-MdFUSB | ||
| 005 | 20220406123249.0 | ||
| 007 | ta | ||
| 008 | 780213t19791979gau b 001 0 eng | ||
| 020 | _a0804200904 | ||
| 040 |
_aDLC _beng _cCO-MdFUSB _dm.c _dLML _erda |
||
| 041 | 1 |
_aeng _afre |
|
| 082 |
_223 _a224.507 _bL142 |
||
| 100 | 1 |
_aLacocque, André _eautor |
|
| 240 | 1 | 0 | _aLivre de Daniel. |
| 245 | 1 | 4 |
_aThe book of Daniel _c/ André Lacocque ; traducido por David Pellauer |
| 264 | 1 |
_aAtlanta, Ga. : _bJohn Knox Press, _c[1979] |
|
| 264 | 4 | _c©1979. | |
| 300 |
_a302 páginas ; _c24 cm. |
||
| 336 |
_atexto _btxt _2rdacontent. |
||
| 337 |
_asin mediación _bn _2rdamedia. |
||
| 338 |
_avolumen _bnc _2rdacarrier. |
||
| 504 | _aIncluye referencias bibliográficas (páginas 253-256) e índices. | ||
| 505 | _aDaniel y sus compañeros -- El sueño de la estatua -- El horno crematorio -- El sueño del árbol cósmico -- La inscripción -- La fosa del león -- Los cuatro animales y el hijo del hombre -- La visión del carnero y el macho cabrío -- Las setenta semanas de años -- La gran visión final -- Retrospectiva histórica -- Resurrección y escatología. | ||
| 563 | _aRústico | ||
| 630 | 7 |
_aBiblia. _pDaniel _xCrítica, interpretación, etc. |
|
| 700 |
_96301 _aPellauer, David. _etraductor |
||
| 942 | _cBK | ||
| 945 | _aJTF-925 | ||
| 999 |
_c67324 _d67324 |
||